Best selling cars in the world per year (1960-2024) - Statistics

General Stats
  • This quiz has been taken 79 times
  • The average score is 45 of 65
Answer Stats
Hint Answer % Correct
1974 Toyota Corolla
79%
1975 Toyota Corolla
79%
1976 Toyota Corolla
79%
1977 Toyota Corolla
79%
1979 Toyota Corolla
79%
1980 Toyota Corolla
79%
1981 Toyota Corolla
79%
1982 Toyota Corolla
79%
1984 Toyota Corolla
79%
1985 Toyota Corolla
79%
1986 Toyota Corolla
79%
1987 Toyota Corolla
79%
1988 Toyota Corolla
79%
1989 Toyota Corolla
79%
1990 Toyota Corolla
79%
1991 Toyota Corolla
79%
1992 Toyota Corolla
79%
1993 Toyota Corolla
79%
1994 Toyota Corolla
79%
1995 Toyota Corolla
79%
1996 Toyota Corolla
79%
1997 Toyota Corolla
79%
1999 Toyota Corolla
79%
2001 Toyota Corolla
79%
2002 Toyota Corolla
79%
2003 Toyota Corolla
79%
2004 Toyota Corolla
79%
2005 Toyota Corolla
79%
2006 Toyota Corolla
79%
2007 Toyota Corolla
79%
2008 Toyota Corolla
79%
2009 Toyota Corolla
79%
2010 Toyota Corolla
79%
2011 Toyota Corolla
79%
2012 Toyota Corolla
79%
2013 Toyota Corolla
79%
2014 Toyota Corolla
79%
2015 Toyota Corolla
79%
2016 Toyota Corolla
79%
2017 Toyota Corolla
79%
2018 Toyota Corolla
79%
2019 Toyota Corolla
79%
2020 Toyota Corolla
79%
2021 Toyota Corolla
79%
2022 Toyota Corolla
79%
1960 Volkswagen Beetle Typ 1
56%
1961 Volkswagen Beetle Typ 1
56%
1962 Volkswagen Beetle Typ 1
56%
1963 Volkswagen Beetle Typ 1
56%
1964 Volkswagen Beetle Typ 1
56%
1965 Volkswagen Beetle Typ 1
56%
1966 Volkswagen Beetle Typ 1
56%
1967 Volkswagen Beetle Typ 1
56%
1968 Volkswagen Beetle Typ 1
56%
1969 Volkswagen Beetle Typ 1
56%
1970 Volkswagen Beetle Typ 1
56%
1971 Volkswagen Beetle Typ 1
56%
1972 Volkswagen Beetle Typ 1
56%
1973 Volkswagen Beetle Typ 1
56%
2023 Tesla Model Y
36%
2024 Tesla Model Y
36%
1978 Volkswagen Golf
35%
2000 Volkswagen Golf
35%
1998 Opel/Vauxhall/Chevrolet Corsa
12%
1983 Ford Escort
11%
No matching quizzes found
Score Distribution
Percent of People with Each Score
Percentile by Number Answered
Your Score History
You have not taken this quiz